Top 10 países con la mejor gastronomía - Estadísticas

Estadísticas generales
  • Esta prueba ha sido intentada 46 veces
  • La puntuación promedio es 8 de 10
Estadísticas de respuestas
Puesto País % Correcto
España
98%
Francia
98%
Italia
98%
México
93%
Japón
90%
China
86%
10º Perú
76%
Grecia
71%
Portugal
71%
Indonesia
45%
No se encontraron pruebas coincidentes
Distribución de puntuación
Porcentaje de gente con cada puntuación
Porcentaje por número respondido
Historial de tus puntuaciones
No has intentado esta prueba.